<?xml version="1.0" encoding="UTF-8"?>
<record
    xmlns:xsi="http://www.w3.org/2001/XMLSchema-instance"
    xsi:schemaLocation="http://www.loc.gov/MARC21/slim http://www.loc.gov/standards/marcxml/schema/MARC21slim.xsd"
    xmlns="http://www.loc.gov/MARC21/slim">

  <leader>008290am a2200253 004500</leader>
  <controlfield tag="003">EG-GiCUC</controlfield>
  <controlfield tag="008">070306m19169999ua     g      000 0cara d</controlfield>
  <datafield tag="040" ind1=" " ind2=" ">
    <subfield code="a">EG-GiCUC</subfield>
    <subfield code="b">ara</subfield>
    <subfield code="c">EG-GiCUC</subfield>
  </datafield>
  <datafield tag="043" ind1=" " ind2=" ">
    <subfield code="a">f-ua---</subfield>
  </datafield>
  <datafield tag="050" ind1=" " ind2="4">
    <subfield code="a">DT76</subfield>
    <subfield code="b">Z2 1916</subfield>
  </datafield>
  <datafield tag="092" ind1="0" ind2="4">
    <subfield code="a">962.0099</subfield>
    <subfield code="b">Z217</subfield>
    <subfield code="2">21</subfield>
  </datafield>
  <datafield tag="099" ind1=" " ind2=" ">
    <subfield code="a">04</subfield>
    <subfield code="a">962.0099 Z217</subfield>
  </datafield>
  <datafield tag="100" ind1="1" ind2=" ">
    <subfield code="a">&#x632;&#x62E;&#x648;&#x631;&#x627; : &#x627;&#x644;&#x64A;&#x627;&#x633;</subfield>
  </datafield>
  <datafield tag="245" ind1="1" ind2="5">
    <subfield code="a">&#x643;&#x62A;&#x627;&#x628; &#x645;&#x631;&#x622;&#x629; &#x627;&#x644;&#x639;&#x635;&#x631; &#x641;&#x649; &#x62A;&#x627;&#x631;&#x64A;&#x62E; &#x648;&#x631;&#x633;&#x648;&#x645; &#x627;&#x643;&#x627;&#x628;&#x631; &#x627;&#x644;&#x631;&#x62C;&#x627;&#x644; &#x644;&#x645;&#x635;&#x631; / </subfield>
    <subfield code="c">&#x627;&#x644;&#x64A;&#x627;&#x633; &#x632;&#x627;&#x62E;&#x648;&#x631;&#x627;</subfield>
  </datafield>
  <datafield tag="260" ind1=" " ind2=" ">
    <subfield code="a">&#x627;&#x644;&#x642;&#x627;&#x647;&#x631;&#x629; : </subfield>
    <subfield code="b">&#x627;.&#x632;&#x62E;&#x648;&#x631;&#x627; : </subfield>
    <subfield code="c">1916-</subfield>
  </datafield>
  <datafield tag="300" ind1=" " ind2=" ">
    <subfield code="a">&#x645;&#x62C; &#x61B; </subfield>
    <subfield code="c">24&#x633;&#x645;</subfield>
  </datafield>
  <datafield tag="500" ind1=" " ind2=" ">
    <subfield code="a">&#x646;&#x633;&#x62E;&#x629; &#x645;&#x635;&#x648;&#x631;&#x629;</subfield>
  </datafield>
  <datafield tag="590" ind1=" " ind2=" ">
    <subfield code="a">&#x62A;&#x642;&#x62A;&#x646;&#x649; &#x627;&#x644;&#x645;&#x643;&#x62A;&#x628;&#x629;  &#x641;&#x642;&#x637; &#x627;&#x644;&#x645;&#x62C;&#x644;&#x62F; &#x627;&#x644;&#x62B;&#x627;&#x646;&#x649;</subfield>
  </datafield>
  <datafield tag="651" ind1=" " ind2="7">
    <subfield code="a">&#x645;&#x635;&#x631;</subfield>
    <subfield code="x">&#x62A;&#x631;&#x627;&#x62C;&#x645;</subfield>
    <subfield code="2">qrmak</subfield>
  </datafield>
  <datafield tag="902" ind1=" " ind2=" ">
    <subfield code="a">1</subfield>
  </datafield>
  <datafield tag="905" ind1=" " ind2=" ">
    <subfield code="a">&#x628;&#x644;&#x62A;&#x627;&#x62C;&#x649;</subfield>
    <subfield code="e">&#x645;&#x631;&#x627;&#x62C;&#x639;</subfield>
  </datafield>
  <datafield tag="905" ind1=" " ind2=" ">
    <subfield code="a">&#x62C;&#x645;&#x627;&#x644;</subfield>
    <subfield code="e">&#x645;&#x62F;&#x62E;&#x644;</subfield>
  </datafield>
  <datafield tag="942" ind1=" " ind2=" ">
    <subfield code="2">ddc</subfield>
    <subfield code="c">BK</subfield>
  </datafield>
  <datafield tag="999" ind1=" " ind2=" ">
    <subfield code="c">93052</subfield>
    <subfield code="d">93052</subfield>
  </datafield>
  <datafield tag="952" ind1=" " ind2=" ">
    <subfield code="2">ddc</subfield>
    <subfield code="7">0</subfield>
    <subfield code="a">CUCL</subfield>
    <subfield code="b">cl222</subfield>
    <subfield code="d">2024-02-11</subfield>
    <subfield code="o">962.0099 Z217</subfield>
    <subfield code="p">01000100100562002</subfield>
    <subfield code="r">2023-09-22 00:00:00</subfield>
    <subfield code="t">v.2 C.1</subfield>
    <subfield code="y">BK</subfield>
  </datafield>
</record>
